世界都市圏人口 上位30都市 (2018年) - Statistics

General Stats
  • This quiz has been taken 147 times
  • The average score is 20 of 30
Answer Stats
順位 地域 人口(万人) 都市名 % Correct
8 アジア 1960 北京
99%
1 アジア 3750 東京
98%
3 アジア 2560 上海
96%
11 北米 1880 ニューヨーク
96%
10 アジア 1930 大阪
86%
6 アフリカ 2010 カイロ
85%
19 中南米 1330 リオ・デ・ジャネイロ
84%
2 アジア 2850 デリー
82%
28 ヨーロッパ 1090 パリ
81%
5 北米 2160 メキシコシティ
80%
4 中南米 2170 サンパウロ
77%
23 北米 1250 ロサンゼルス
77%
24 ヨーロッパ 1240 モスクワ
77%
30 アジア 1050 ジャカルタ
75%
7 アジア 2000 ムンバイ
67%
13 中南米 1500 ブエノスアイレス
63%
22 アジア 1260 広州
61%
14 アジア 1480 重慶
58%
15 アジア 1480 イスタンブール
56%
9 アジア 1960 ダッカ
55%
25 アジア 1190 深圳
52%
18 アフリカ 1350 ラゴス
49%
12 アジア 1540 カラチ
48%
16 アジア 1470 カルカッタ
47%
17 アジア 1350 マニラ
46%
20 アジア 1320 天津
41%
21 アフリカ 1320 キンシャサ
38%
29 中南米 1060 ボゴタ
37%
27 アジア 1140 バンガロール
28%
26 アジア 1170 ラホール
25%
No matching quizzes found
Score Distribution
Percent of People with Each Score
Percentile by Number Answered
Your Score History
You have not taken this quiz